| 000 | 00460nam a2200145Ia 4500 | ||
|---|---|---|---|
| 008 | 210210b2004 xxu||||| |||| 00| 0 eng d | ||
| 082 | _a423 SUNC | ||
| 100 | _aSUNRISE. | ||
| 245 | _aChildrens international five star dictionary: dictionary of antonyms synonyms one word substitutes tenses idioms and phrases. | ||
| 260 |
_aMangalore _bSunrise Publishers _c2004 |
||
| 300 | _a384 | ||
| 650 | _aEnglish dictionary | ||
| 690 | _aDictionaries | ||
| 906 | _a059256 | ||
| 999 |
_c106438 _d106438 |
||